| 000 | 00386nam a2200145Ia 4500 | ||
|---|---|---|---|
| 008 | 230917s9999||||xx |||||||||||||| ||und|| | ||
| 040 |
_e40685 _aMAIN |
||
| 041 | _aEnglish | ||
| 082 | _a968.91 W755F | ||
| 100 | _aWiseman, Henry | ||
| 245 | 0 | _aFrom Rhodesia to Zimbabwe: the politics of transition | |
| 260 |
_aNew York _bPergamon Press _c1981 |
||
| 300 | _axxi, 169 p. | ||
| 942 | _cBK | ||
| 999 |
_c231445 _d231445 |
||